Top 100 Baby Boy Names in 2010 (USA) - Statistics

General Stats
  • This quiz has been taken 143 times
  • The average score is 66 of 100
Answer Stats
Hint Answer % Correct
J James
95%
W William
95%
J Jack
94%
J John
94%
N Noah
93%
C Christopher
90%
M Michael
90%
A Alexander
88%
L Lucas
88%
L Luke
88%
J Jacob
87%
L Liam
87%
M Matthew
87%
D Daniel
86%
E Ethan
85%
T Thomas
85%
D David
84%
E Eli
84%
E Elias
84%
J Jackson
84%
J Jaxon
84%
J Jaxson
84%
J Jose
84%
J Joshua
84%
S Samuel
84%
A Andrew
81%
B Benjamin
80%
R Robert
80%
N Nathan
79%
C Charles
78%
E Elijah
78%
L Leo
78%
N Nicholas
78%
O Oliver
78%
A Anthony
77%
H Henry
77%
J Jonathan
77%
R Ryan
77%
A Ayden
76%
I Isaac
76%
J Joseph
76%
A Adam
74%
A Aiden
73%
J Jordan
73%
X Xavier
73%
Z Zachary
73%
J Jason
72%
J Justin
72%
L Logan
72%
M Mason
72%
J Jayden
71%
A Aaron
70%
I Ian
70%
O Owen
70%
C Cameron
69%
T Tyler
69%
B Brandon
67%
E Evan
66%
C Christian
65%
K Kevin
64%
C Caleb
62%
D Dylan
62%
G Gabriel
62%
S Sebastian
62%
I Isaiah
60%
C Carter
58%
J Jeremiah
58%
L Landon
58%
N Nathaniel
58%
A Austin
56%
T Theodore
56%
W Wyatt
56%
C Connor
55%
G Grayson
55%
H Hunter
52%
J Julian
51%
L Levi
51%
C Carson
50%
G Gavin
50%
P Parker
49%
K Kayden
47%
B Brayden
45%
N Nolan
45%
A Asher
44%
B Blake
44%
M Mateo
44%
C Chase
43%
H Hudson
43%
A Adrian
42%
L Lincoln
41%
C Cooper
40%
J Josiah
40%
C Colton
38%
D Dominic
36%
T Tristan
34%
A Angel
28%
B Bentley
27%
L Luis
27%
E Easton
24%
J Jace
24%
No matching quizzes found
Score Distribution
Percent of People with Each Score
Percentile by Number Answered
Your Score History
You have not taken this quiz